1588 1022 1550 1698 1230 1231 1940 1945 1961 1718 1148 1843 1192 1350 1861 1199 1748 1215 1403 1937 1728 1596 1317 1020 1943 1510 1896 1564 1570 1518 1776 1879 1940 1820 1006 1976 1925 1402 1111 1520 1160 1146 1382 1143 1625 1383 1379 1923 1356 1662 1499 1097 1209 1665 1923 1375 1214 1139 1231 1549 1944 1255 1194 1642 1921 1914 1941 1842 1511 1470 1691 1517 1366 1501 1939 1452 1983 1204 1886 1727 1150 1225 1652 1240 1573 1597 1556 1169 1771 1519 1721 1591 1679 1880 1642 1371 1246 1883 1663 BCNSPRNW ULIB Ver.6.0+V

เปลี่ยนเป็นภาษาไทย

Change to English
 แสดงรายละเอียดบรรณานุกรม
  กลับหน้าหลัก

Brief Record : Get Marc (ISO 2709) : E-mail record : QR code < ปิดหน้าต่าง
LEADER : 00000nam 2200000uu 4500
001    13399124807
003     ULIB
008    160325s2014||||th 000 0 eng d
020    ^a9780470657768
060  4 ^aWY86^bM155f
100 1  ^aMcKenna, Hugh P.
245 10 ^aFundamentals of nursing models, theories and practice /^cHugh P. McKenna, Majda Pajnkihar, Fiona A. Murphy.
246 30 ^aNursing models, theories and practice.
250    ^a2nd ed
260    ^aChichester, West Sussex :^bWiley Blackwell,^cc2014.
300    ^axi, 225 p. ;^c24 cm.
500    ^aRevision of: McKenna, Hugh P., 1954-. Nursing models, theories and practice. Oxford : Blackwell Publishing, 2008.
504    ^aIncludes bibliographical references and index
650  2 ^aModels, Nursing.
650  2 ^aNursing Theory.
650  2 ^aNursing Process.
700 1  ^aPankhihar, Majda,^ejt auth.
700 1  ^aMurphy, Fiona,^ejt auth.
945    ^p38^l0^i000357
999    ^aเกษร โพธิ์สุวรรณ
รายการนี้ยังไม่มีแท็ก
คุณยังไม่ได้ล็อกอิน คุณสามารถมีกิจกรรมร่วมกับเว็บไซต์ได้ แต่ต้องล็อกอินก่อน ::
  ล็อกอิน

รายการสื่อสารสนเทศ

ลำดับที่ ประเภท เลขเรียก/บาร์โค้ด สถานที่ สถานะ
1. Book การพยาบาล
Book การพยาบาล
WY86 M155f ฉ.1 
  Barcode: 000357
ห้องสมุดวิทยาเขตสวรรค์ประชารักษ์
►หนังสือทั่วไป
บนชั้น

รายการใกล้เคียง
    หัวเรื่อง [Nursing Process.]

BibComment


ยังไม่เคยถูกคอมเมนท์

คอมเมนท์ทรัพยากรรายการนี้
  คอมเมนท์: Fundamentals of ..


 Copyright 2026. Bcnsprnw @Library